Visualizzazione normale
Vista MARC
- Damele
di Personal Name
Records bibliografici associati: 1
001 - CONTROL NUMBER
- control field: 18121
003 - CONTROL NUMBER IDENTIFIER
- control field: IT-RoPau
005 - DATE AND TIME OF LATEST TRANSACTION
- control field: 20140401172215.0
008 - FIXED-LENGTH DATA ELEMENTS
- fixed length control field: 140401|| aca||aabn | a|a d
040 ## - CATALOGING SOURCE
- Original cataloging agency: IT-RoPau
- Transcribing agency: IT-RoPau
100 ## - HEADING--PERSONAL NAME
- Personal name: Damele
- Dates associated with a name: Codice autore musica SPICS: 24141
- Relator term: Autore musica
- Name of part/section of a work: Una lacrima nel pugno - Violino mendicante - Ti ringrazio
670 ## - SOURCE DATA FOUND
- Source citation: Work cat.: (IT-RoPau)103149: AA.VV. 794, Sette voci con l'orchestra Ruthuard e il coro "Le Voci"